Fr. Conceicao Rodrigues College of Engineering

Understanding compression:Data compression for modern developers (Record no. 30373)

MARC details
000 -LEADER
fixed length control field 00392nam a2200169Ia 4500
082 ## - DEWEY DECIMAL CLASSIFICATION NUMBER
Item number MCA
100 ## - MAIN ENTRY--PERSONAL NAME
Personal name McAnlis/Colt/ Haecky/Aleks
245 ## - TITLE STATEMENT
Title Understanding compression:Data compression for modern developers
260 ## - PUBLICATION, DISTRIBUTION, ETC.
Name of publisher, distributor, etc. SPD
Date of publication, distribution, etc. 2016
366 ## - TRADE AVAILABILITY INFORMATION
Publishers's discount category 20
300 ## - PHYSICAL DESCRIPTION
Extent 217
546 ## - LANGUAGE NOTE
Language note ENGLISH
650 ## - SUBJECT ADDED ENTRY--TOPICAL TERM
Topical term or geographic name entry element Data compression
654 ## - SUBJECT ADDED ENTRY--FACETED TOPICAL TERMS
Focus term data compression
942 ## - ADDED ENTRY ELEMENTS (KOHA)
Koha item type BOOK
Holdings
Withdrawn status Lost status Damaged status Not for loan Collection Home library Current library Date acquired Source of acquisition Cost, normal purchase price Inventory number Total Checkouts Full call number Barcode Date last seen Cost, replacement price Price effective from Koha item type
        CRC Fr. Agnel's C.Rodrigues College of Engineering Fr. Agnel's C.Rodrigues College of Engineering 17/03/2023 Shroff Publishers 380.00 03679 dr 24.01.2019   MCA 25531 17/03/2023 475.00   BOOK